Revista del Hospital Italiano de Buenos Aires (Registro nro. 1272)
[ vista simple ]
| 000 -LEADER | |
|---|---|
| fixed length control field | 00796nas a22001937a 4500 |
| 008 - CAMPO DE CONTROL RECURSOS CONTINUADOS | |
| fixed length control field | 130315t20059999ag ||||| |||| 00| 0 spa d |
| 022 ## - INTERNATIONAL STANDARD SERIAL NUMBER | |
| International Standard Serial Number | 1669-2578 |
| 245 ## - TITULO | |
| Titulo | Revista del Hospital Italiano de Buenos Aires |
| 260 ## - PUBLICACION, DISTRIBUCION, ETC. (PIE DE IMPRENTA) | |
| Lugar de publicación, distribución, etc | Buenos Aires: |
| Nombre de la editorial, distribuidor, etc. | Departamento de Investigación y Docencia del Hospital Italiano de Buenso Aires, |
| Fecha de publicación | 2005 |
| 300 ## - DESCRIPCION FISICA | |
| Extensión | v. : |
| 310 ## - FRECUENCIA ACTUAL DE LA PUBLICACION | |
| Frecuencia actual de la publicación | trimestral |
| 546 ## - NOTA DE IDIOMA | |
| Nota de lenguaje | español |
| 590 ## - NOTAS LOCALES (RLIN) | |
| Nota local | Indizada en LILACS |
| 590 ## - NOTAS LOCALES (RLIN) | |
| Nota local | Existencias: 2005 25(1-4); 2006 26(2-4); 2007 27(2); 2008 28(1,2); 2009 29(1,2); 2010 30(1,2); 2011 31(1-4); 2012 32(1-4); 2013 33(1,2,3,4); 2014 34(1,2, 3); 2018 38(4); 2019 39(1) |
| 650 ## - MATERIA-TERMINO TEMATICO | |
| Término temático | MEDICINA INTERNA |
| 9 (RLIN) | 1738 |
| 650 ## - MATERIA-TERMINO TEMATICO | |
| Término temático | HOSPITAL ITALIANO DE BUENOS AIRES |
| 9 (RLIN) | 1988 |
| 856 ## - LOCALIZACION ELECTRONICA Y ACCESO | |
| Identificador Uniforme de Recurso (URI) | <a href="http://www.hospitalitaliano.org.ar/revista/">http://www.hospitalitaliano.org.ar/revista/</a> |
| 942 ## - ADDED ENTRY ELEMENTS (KOHA) | |
| Source of classification or shelving scheme | Dewey Decimal Classification |
| Item type | Continuing Resources |
No hay ítems disponibles.